Statistiques concernant Focus sur: Gorgol - Tolkien

Cliquez ici pour prendre le quiz!

Statistiques générales

  • Ce quiz a été pris 3 fois
  • Le résultat moyen est 6 sur 7

Statistiques - réponses

Informations recherchéesRéponses% Correct
ForteresseAngband
100%
ContréeBeleriand
100%
Première apparitionLe Silmarillion
100%
EspèceOrque
100%
Age durant lequel il vécutPremier
100%
ProfessionCapitaine Orque
67%
SurnomLe {Boucher}
0%

Distribution des résultats

Percentile par nombre de réponses

% des personnes avec chaque résultat

Votre développement - résultats

Vous n’avez pas pris ce quiz